000
00333nam a2200145Ia 4500
008
191201s1999 xx 000 0 und d
082
_a
537.6
_b
GUE
100
_a
GUPTA,S.L
245
0
_a
Electrodynamics
250
_a
14th
260
_a
Meerut
_b
Pragati Prakashan Meerut
_c
1999
300
_a
520
650
_a
Applied
942
_2
ddc
_c
BK
999
_c
645
_d
645